000 00287nam a22001337a 4500
020 _a978-8192869223
041 _aENG
100 _aShah.H.J
245 _aReinforced Concrete Vol 2
260 _aIndia
_bCharotar PUB House
_c2000
300 _a672
650 _aFS
856 _uFS ( 8 )
999 _c882
_d882